000 00858 a2200205 4500
001 36108
005 20260407155638.0
008 260407a1967 arg spa d
003 AR-UNSa-BCEJYS
040 _aAR-UNSa-BCEJYS
_bspa
_cAR-UNSa-BCEJYS
080 _a316.74:65
_xSociología de la Organización
245 1 0 _aSociología de la organización
264 1 _aMadrid :
_bAlianza Editorial
_c1967
300 _a265 p.
_c18 cm.
505 _a1. La sociedad organizada - 2. El desarrollo del interés sociológico en la organización - Fundamentos teóricos del análisis de la organización - 4. Las organizaciones y sus objetivos - 5. La estructura de la organización - 6. Los miembros de la organización - 7. La idoneidad de la organización
041 _aspa
942 _cBK
590 _aniveau_biblio:m niveau_hierar:0
100 1 _aMayntz, Renate
999 _c2614
_d2614